000 00579nam a2200229Ia 4500
003 OSt
005 20220928141046.0
006 a|||||r|||| 00| 0
007 ta
008 220927b |||||||| |||| 00| 0 eng d
024 _a13295
037 _cTextual
040 _aSDCL
_cSDCL
_beng
041 _2eng
_aeng
082 _aO-,6Nx, K8
100 _aBirk Newman P
_9498815
245 0 _aIdeas and style.
260 _c1968
700 _a Birk Genevieve B
_9498816
942 _hO-,6Nx, K8
_cTEXL
_2CC
999 _c815704
_d815704